| Tag |
First Indicator |
Second Indicator |
Subfields |
| LEADER |
00000cam a2200000 4500 |
| 001 |
in00000024108 |
| 005 |
20151007061023.0 |
| 008 |
720913s1960 miua 00000beng u |
| 010 |
|
|
|a 59007831
|
| 035 |
|
|
|a (OCoLC)00406198
|
| 035 |
|
|
|9 AAD0856AM
|
| 040 |
|
|
|c OUN
|d TXA
|d UtOrBLW
|
| 049 |
|
|
|a TXAM
|c [324240]
|
| 050 |
|
0 |
|a ML410.W1
|b S83
|
| 082 |
0 |
|
|a 782.1
|
| 092 |
|
|
|a 780.92
|b W134s
|
| 100 |
1 |
|
|a Stein, Jack M.,
|d 1914-1976.
|
| 245 |
1 |
0 |
|a Richard Wagner & the synthesis of the arts.
|
| 264 |
|
1 |
|a Detroit :
|b Wayne State University,
|c 1960.
|
| 300 |
|
|
|a 229 pages :
|b illustrations ;
|c 24 cm.
|
| 336 |
|
|
|a text
|b txt
|2 rdacontent
|
| 337 |
|
|
|a unmediated
|b n
|2 rdamedia
|
| 338 |
|
|
|a volume
|b nc
|2 rdacarrier
|
| 600 |
1 |
0 |
|a Wagner, Richard,
|d 1813-1883.
|
| 650 |
|
0 |
|a Music and literature.
|
| 999 |
|
|
|a MARS
|
| 999 |
f |
f |
|s 768b437c-14a4-35cd-98a7-fda0ba2be5e1
|i 807a2d47-6f7b-3df1-83da-6d0683759a7d
|t 0
|
| 952 |
f |
f |
|p ric
|a Texas A&M University
|b Rellis Campus
|c Joint Library Facility
|d Remote Storage
|t 0
|e ML410.W1 S83
|h Library of Congress classification
|i unmediated -- volume
|m A14801168484
|
| 998 |
f |
f |
|a ML410.W1 S83
|t 0
|l Remote Storage
|